[Event "Nordic-chT Scholastic 2019"]
[Site "Stockholm"]
[Date "2019.09.07"]
[Round "3.5"]
[White "Skovgaard, Andreas"]
[Black "Aalto, Patrik"]
[Result "0-1"]
[WhiteElo "1976"]
[BlackElo "2104"]
[Annotator "NA RC"]
[PlyCount "114"]
[EventDate "2019.09.05"]
[EventType "team-tourn"]
[EventCountry "SWE"]
[SourceTitle "playchess.com"]
[Source "ChessBase"]
[SourceQuality "1"]
[TimeControl "5400+30"]

1. d4 {[%emt 0:00:00]} d5 {[%emt 0:00:00]} 2. Nf3 {[%emt 0:00:01]} c5 {[%emt 0:00:15]} 3. c3 {[%emt 0:01:45]} Nf6 {[%emt 0:07:58]} 4. dxc5 {[%emt 0:03:45]} e6 {[%emt 0:02:09]} 5. b4 {[%emt 0:01:05]} a5 {[%emt 0:01:04]} 6. a3 {[%emt 0:02:14] D02: 1 d4 d5 2 Nf3 sidelines, including 2...Nf6 3 g3 and 2...Nf6 3 Bf4} (6. Qb3 axb4 7. cxb4 b6 8. cxb6 Qxb6 9. b5 Nbd7 10. e3 Nc5 11. Qd1 Na4 12. Be2 Bd7 13. O-O {0-1 (51) So,W (2812)-Vachier Lagrave,M (2796) Paris 2017}) 6... b6 {[%emt 0:09:12]} 7. cxb6 {[%emt 0:10:11]} axb4 {[%emt 0:00:40]} 8. cxb4 {[%emt 0:00:36]} Bxb4+ {[%emt 0:01:39]} 9. Bd2 {[%emt 0:00:47]} Bc5 {[%emt 0:08:58]} 10. Nc3 $146 {[%emt 0:01:45]} ({Predecessor:} 10. e3 O-O 11. Qb3 Bxb6 12. Bb4 Re8 13. Bb5 {0-1 (74) Kappes,K (1994)-Belica,M (2108) Baden 2013}) 10... Ne4 {[%emt 0:22:18]} 11. e3 {[%emt 0:03:50]} Nxd2 {[%emt 0:01:41]} 12. Qxd2 {[%emt 0:05:09]} Qxb6 {[%emt 0:12:21]} 13. Rb1 {[%emt 0:05:52]} Qa5 {[%emt 0:05:51]} 14. Na4 {[%emt 0:01:01]} Nd7 {[%emt 0:05:16]} 15. Qxa5 {[%emt 0:10:52]} Rxa5 {[%emt 0:00:07]} 16. Nxc5 {[%emt 0:00:27]} Nxc5 {[%emt 0:01:42]} 17. Bb5+ {[%emt 0:00:53]} Ke7 {[%emt 0:02:33]} 18. O-O {[%emt 0:00:34]} Ba6 {[%emt 0:09:15]} 19. Bxa6 {[%emt 0:02:53]} Rxa6 {[%emt 0:02:02]} 20. Rfc1 {[%emt 0:00:57]} Ne4 {[%emt 0:03:41]} 21. Ne5 {[%emt 0:00:37]} Kf6 {[%emt 0:00:50]} 22. Ng4+ {[%emt 0:04:37]} Kg6 {[%emt 0:00:09]} 23. f3 {[%emt 0:03:07]} Nd2 {[%emt 0:00:34]} 24. Rb7 {[%emt 0:02:48]} Nc4 {[%emt 0:00:19]} 25. e4 {[%emt 0:01:46]} h5 {[%emt 0:00:25]} 26. exd5 {[%emt 0:00:56]} exd5 {[%emt 0:00:32]} 27. Rd7 $2 {[%emt 0:06:49]} (27. Nf2 $11 {and White has nothing to worry.}) 27... hxg4 {[%emt 0:01:10]} 28. Rxd5 {[%emt 0:00:08]} Nxa3 {[%emt 0:00:45]} 29. fxg4 {[%emt 0:00:12]} Rb8 {[%emt 0:00:25]} 30. Rcc5 {[%emt 0:02:55]} f6 {[%emt 0:00:34]} 31. Rd7 {[%emt 0:00:53]} Nb5 {[%emt 0:00:22]} 32. h4 {[%emt 0:00:33]} (32. h3 $142) 32... Ra7 {[%emt 0:00:29]} 33. Rdd5 {[%emt 0:01:01]} Nc7 {[%emt 0:00:28]} 34. Rd2 {[%emt 0:04:18]} Ne6 {[%emt 0:00:23]} 35. Rc6 {[%emt 0:00:31]} Re7 {[%emt 0:00:24]} 36. Re2 {[%emt 0:01:21]} Kf7 {[%emt 0:00:14]} 37. Rc4 {[%emt 0:00:43]} Rd8 {[%emt 0:00:27]} 38. Ree4 {[%emt 0:01:28]} Rd5 {[%emt 0:00:32]} 39. Kh2 {[%emt 0:01:39]} Re5 {[%emt 0:00:37]} 40. Rxe5 {[%emt 0:02:58]} (40. Kg3 $142) 40... fxe5 {[%emt 0:00:01]} 41. g5 {[%emt 0:00:11]} Nf4 {[%emt 0:00:58]} 42. g4 {[%emt 0:00:33]} Ke6 {[%emt 0:00:57]} 43. h5 {[%emt 0:01:02]} Kd5 {[%emt 0:00:28]} 44. Rc2 {[%emt 0:00:10]} e4 {[%emt 0:00:27]} 45. Kg3 {[%emt 0:03:56]} Ne6 {[%emt 0:00:45]} 46. g6 {[%emt 0:01:21]} Nd4 {[%emt 0:00:18]} 47. Ra2 {[%emt 0:02:55]} e3 {[%emt 0:00:16]} 48. Ra5+ {[%emt 0:01:38]} Kc4 {[%emt 0:00:40]} 49. Ra4+ {[%emt 0:00:14]} Kd3 {[%emt 0:00:18]} 50. g5 {[%emt 0:00:45]} e2 {[%emt 0:00:19]} 51. Ra1 {[%emt 0:00:12]} e1=Q+ {[%emt 0:00:42]} 52. Rxe1 {[%emt 0:00:02]} Rxe1 {[%emt 0:00:10]} 53. h6 {[%emt 0:00:08]} Re8 {[%emt 0:01:14]} 54. Kf4 {[%emt 0:00:55]} Ne6+ {[%emt 0:00:30]} 55. Kf5 {[%emt 0:00:15]} Kd4 {[%emt 0:00:32]} 56. hxg7 {[%emt 0:00:27]} Kd5 {[%emt 0:00:16]} 57. Kf6 {[%emt 0:00:15]} Rg8 {[%emt 0:00:08] Ke5+ Kxe5} 0-1

[Event "Nordic-chT Scholastic 2019"]
[Site "Stockholm"]
[Date "2019.09.07"]
[Round "3.6"]
[White "Lehtinen, Justus"]
[Black "Skovgaard, Emil"]
[Result "0-1"]
[WhiteElo "1485"]
[BlackElo "1729"]
[Annotator "NA RC"]
[PlyCount "68"]
[EventDate "2019.09.05"]
[EventType "team-tourn"]
[EventCountry "SWE"]
[SourceTitle "playchess.com"]
[Source "ChessBase"]
[SourceQuality "1"]
[TimeControl "5400+30"]

1. e4 {[%emt 0:00:00]} c5 {[%emt 0:00:02]} 2. Nf3 {[%emt 0:00:00]} d6 {[%emt 0:00:13]} 3. d4 {[%emt 0:00:00]} cxd4 {[%emt 0:00:10]} 4. Nxd4 {[%emt 0:00:00]} Nf6 {[%emt 0:00:22]} 5. Nc3 {[%emt 0:00:16]} g6 {[%emt 0:00:22]} 6. Be3 {[%emt 0:01:12]} Bg7 {[%emt 0:00:29]} 7. f3 {[%emt 0:00:48]} O-O {[%emt 0:00:50]} 8. Qd2 {[%emt 0:00:39]} Nc6 {[%emt 0:00:22]} 9. O-O-O {[%emt 0:00:36]} Bd7 {[%emt 0:01:38]} 10. Bc4 {[%emt 0:01:13]} Rc8 {[%emt 0:01:39]} 11. Nxc6 {[%emt 0:05:14]} Rxc6 {[%emt 0:17:47]} 12. Bb3 {[%emt 0:05:14]} a5 {[%emt 0:07:47]} 13. h4 {[%emt 0:04:01]} h5 {[%emt 0:01:50]} 14. Bh6 {[%emt 0:01:54]} Qb8 {[%emt 0:14:32]} 15. Nd5 {[%emt 0:14:12]} Nxd5 {[%emt 0:04:49]} 16. Bxd5 {[%emt 0:01:02]} Rc5 {[%emt 0:00:41]} 17. Bxg7 {[%emt 0:03:22]} Kxg7 {[%emt 0:00:41]} 18. c3 {[%emt 0:04:47]} Rfc8 {[%emt 0:04:39]} 19. Bb3 {[%emt 0:02:46]} a4 {[%emt 0:01:27]} 20. Bxa4 {[%emt 0:02:27]} Bxa4 {[%emt 0:02:00]} 21. Qd4+ {[%emt 0:00:16]} Kg8 {[%emt 0:00:41]} 22. Qxa4 {[%emt 0:00:16]} b5 {[%emt 0:00:38]} 23. Qc2 {[%emt 0:05:35]} b4 {[%emt 0:01:04]} 24. Rd3 {[%emt 0:02:43]} Qa7 {[%emt 0:02:12]} 25. Qb3 {[%emt 0:04:09]} bxc3 {[%emt 0:00:45]} 26. Rxc3 {[%emt 0:00:28]} Rxc3+ {[%emt 0:00:35]} 27. bxc3 {[%emt 0:00:18]} Qe3+ {[%emt 0:06:26]} 28. Kb2 {[%emt 0:06:52]} Qd2+ {[%emt 0:00:24]} 29. Kb1 {[%emt 0:01:42]} Rxc3 {[%emt 0:01:11]} 30. Qb8+ {[%emt 0:02:11]} Kh7 {[%emt 0:01:31]} 31. Qf8 {[%emt 0:05:33]} Qd3+ {[%emt 0:03:56]} 32. Ka1 {[%emt 0:03:48]} Qc4 {[%emt 0:00:46]} 33. Rb1 {[%emt 0:02:33]} Rc2 {[%emt 0:00:38]} 34. Rb3 {[%emt 0:02:37]} Qd4+ {[%emt 0:01:02]} 0-1

[Event "Nordic-chT Scholastic 2019"]
[Site "Stockholm"]
[Date "2019.09.07"]
[Round "3.7"]
[White "Kraemmer, Kischichiro"]
[Black "Aurela, Valtteri"]
[Result "1-0"]
[WhiteElo "1591"]
[BlackElo "1467"]
[Annotator "NA RC"]
[PlyCount "61"]
[EventDate "2019.09.05"]
[EventType "team-tourn"]
[EventCountry "SWE"]
[SourceTitle "playchess.com"]
[Source "ChessBase"]
[SourceQuality "1"]
[TimeControl "5400+30"]

1. d4 {[%emt 0:00:00]} e6 {[%emt 0:00:00]} 2. Nf3 {[%emt 0:00:00]} d5 {[%emt 0:01:19]} 3. c4 {[%emt 0:00:00]} c5 {[%emt 0:02:32]} 4. e3 {[%emt 0:01:07]} Nf6 {[%emt 0:01:58]} 5. Nc3 {[%emt 0:00:33]} cxd4 {[%emt 0:02:51]} 6. exd4 {[%emt 0:01:38]} Bb4 {[%emt 0:01:38]} 7. Bg5 {[%emt 0:00:22]} O-O {[%emt 0:03:00]} 8. a3 {[%emt 0:01:34]} Bxc3+ {[%emt 0:03:31]} 9. bxc3 {[%emt 0:00:15]} h6 {[%emt 0:00:50]} 10. Bh4 {[%emt 0:00:13]} Nbd7 {[%emt 0:01:38]} 11. cxd5 {[%emt 0:00:40]} exd5 {[%emt 0:02:04]} 12. Be2 {[%emt 0:00:25]} Qc7 {[%emt 0:01:26]} 13. Qc2 {[%emt 0:01:38]} Ne4 {[%emt 0:02:26]} 14. Rc1 {[%emt 0:00:50]} Qa5 {[%emt 0:04:38]} 15. Qb2 {[%emt 0:02:05]} Nb6 {[%emt 0:02:19]} 16. Be7 {[%emt 0:18:59]} Re8 {[%emt 0:23:42]} 17. Bb4 {[%emt 0:01:15]} Qa4 {[%emt 0:01:41]} 18. Nd2 {[%emt 0:12:30]} Nxd2 {[%emt 0:04:26]} 19. Kxd2 {[%emt 0:01:58]} Bf5 {[%emt 0:03:48]} 20. Rhe1 {[%emt 0:02:35]} Be4 {[%emt 0:03:01]} 21. f3 {[%emt 0:01:04]} Bg6 {[%emt 0:01:36]} 22. Bc5 {[%emt 0:01:56]} Re6 {[%emt 0:02:41]} 23. Qb4 {[%emt 0:10:22]} Qxb4 {[%emt 0:01:43]} 24. cxb4 {[%emt 0:05:23]} Na4 {[%emt 0:01:55]} 25. Bb5 {[%emt 0:05:59]} Nb2 {[%emt 0:03:01]} 26. Rxe6 {[%emt 0:04:37]} fxe6 {[%emt 0:01:09]} 27. Kc3 {[%emt 0:02:01]} a6 {[%emt 0:01:50]} 28. Kxb2 {[%emt 0:09:29]} axb5 {[%emt 0:00:36]} 29. Bd6 {[%emt 0:00:23]} Ra6 {[%emt 0:01:32]} 30. Rc8+ {[%emt 0:00:49]} Kf7 {[%emt 0:01:03]} 31. Rf8# {[%emt 0:00:12]} 1-0

[Event "Nordic-chT Scholastic 2019"]
[Site "Stockholm"]
[Date "2019.09.07"]
[Round "3.9"]
[White "Briem, Benedikt"]
[Black "Falkevall, Axel"]
[Result "0-1"]
[WhiteElo "1906"]
[BlackElo "2000"]
[Annotator "NA RC"]
[PlyCount "60"]
[EventDate "2019.09.05"]
[EventType "team-tourn"]
[EventCountry "SWE"]
[SourceTitle "playchess.com"]
[Source "ChessBase"]
[SourceQuality "1"]
[TimeControl "5400+30"]

1. d4 {[%emt 0:00:00]} d5 {[%emt 0:00:00]} 2. c4 {[%emt 0:00:00]} c6 {[%emt 0:00:00]} 3. Nc3 {[%emt 0:00:01]} Nf6 {[%emt 0:00:00]} 4. cxd5 {[%emt 0:00:12]} cxd5 {[%emt 0:00:02]} 5. f3 {[%emt 0:00:26]} Qb6 {[%emt 0:00:28]} 6. e4 {[%emt 0:02:40]} dxe4 {[%emt 0:00:10]} 7. fxe4 {[%emt 0:00:37]} e5 {[%emt 0:00:04]} 8. Bb5+ {[%emt 0:01:23]} Nc6 {[%emt 0:00:11]} 9. d5 {[%emt 0:06:48]} Bb4 {[%emt 0:00:11]} 10. Qd3 {[%emt 0:06:57]} a6 {[%emt 0:04:38]} 11. Bxc6+ {[%emt 0:07:17]} bxc6 {[%emt 0:00:23]} 12. Qg3 {[%emt 0:06:32]} O-O {[%emt 0:07:10]} 13. Be3 {[%emt 0:08:45]} Bxc3+ {[%emt 0:04:52]} 14. bxc3 {[%emt 0:01:14]} Qb2 {[%emt 0:00:20]} 15. Rc1 {[%emt 0:08:52]} Nxe4 {[%emt 0:00:53]} 16. Qf3 {[%emt 0:05:40]} cxd5 {[%emt 0:04:51]} 17. Ne2 {[%emt 0:00:25]} Be6 {[%emt 0:01:58]} 18. O-O {[%emt 0:02:33]} Qxa2 {[%emt 0:04:19]} 19. Ng3 {[%emt 0:00:58]} f5 {[%emt 0:12:03]} 20. Nxe4 {[%emt 0:03:37]} dxe4 {[%emt 0:02:18]} 21. Qh5 {[%emt 0:00:15]} Rab8 {[%emt 0:03:05]} 22. g4 {[%emt 0:01:48]} Bf7 {[%emt 0:23:07]} 23. Qg5 {[%emt 0:01:28]} f4 {[%emt 0:01:26]} 24. Bc5 {[%emt 0:00:51]} Rb2 {[%emt 0:01:06]} 25. Qh4 {[%emt 0:01:02]} Rg2+ {[%emt 0:04:01]} 26. Kh1 {[%emt 0:00:04]} e3 {[%emt 0:01:46]} 27. c4 {[%emt 0:06:04]} Bg6 {[%emt 0:03:15]} 28. Qh3 {[%emt 0:00:35]} Be4 {[%emt 0:00:53]} 29. Rf3 {[%emt 0:00:34]} Rg3 {[%emt 0:02:58]} 30. Bxe3 {[%emt 0:02:17]} Bxf3+ {[%emt 0:00:09]} 0-1

[Event "Nordic-chT Scholastic 2019"]
[Site "Stockholm"]
[Date "2019.09.07"]
[Round "4.1"]
[White "Mitra, Akash"]
[Black "Stefansson, Vignir Vatnar"]
[Result "0-1"]
[WhiteElo "1928"]
[BlackElo "2316"]
[Annotator "ChessBase"]
[PlyCount "72"]
[EventDate "2019.09.05"]
[EventType "team-tourn"]
[EventCountry "SWE"]
[SourceTitle "playchess.com"]
[Source "ChessBase"]
[SourceQuality "1"]
[TimeControl "5400+30"]

1. Nf3 {[%emt 0:00:26]} f5 {[%emt 0:00:00]} 2. d4 {[%emt 0:00:20]} Nf6 {[%emt 0:00:00]} 3. Bg5 {[%emt 0:00:42]} e6 {[%emt 0:00:00]} 4. c4 {[%emt 0:00:21]} Be7 {[%emt 0:00:46]} 5. Nc3 {[%emt 0:00:13]} O-O {[%emt 0:00:21]} 6. Qc2 {[%emt 0:00:22]} b6 {[%emt 0:03:11]} 7. e4 {[%emt 0:01:24]} fxe4 {[%emt 0:00:11]} 8. Nxe4 {[%emt 0:00:20]} Bb7 {[%emt 0:02:28]} 9. Bd3 {[%emt 0:01:53]} Nxe4 {[%emt 0:01:06]} 10. Bxe7 {[%emt 0:00:50]} Qxe7 {[%emt 0:00:09]} 11. Bxe4 {[%emt 0:00:08]} Bxe4 {[%emt 0:00:28]} 12. Qxe4 {[%emt 0:00:04]} Qb4+ {[%emt 0:00:22]} 13. Nd2 {[%emt 0:00:24]} Nc6 {[%emt 0:00:11]} 14. Rb1 {[%emt 0:01:49]} Qd6 {[%emt 0:03:49]} 15. d5 {[%emt 0:04:48]} exd5 {[%emt 0:00:25]} 16. Qxd5+ {[%emt 0:00:11]} Qxd5 17. cxd5 {[%emt 0:00:15]} Rae8+ {[%emt 0:00:11]} 18. Kf1 {[%emt 0:00:12]} Nb4 {[%emt 0:00:09]} 19. f3 {[%emt 0:00:30]} Nxd5 {[%emt 0:00:14]} 20. Kf2 {[%emt 0:00:48]} Nf4 {[%emt 0:00:06]} 21. Ne4 {[%emt 0:01:20]} d5 {[%emt 0:00:29]} 22. Nc3 {[%emt 0:00:07]} d4 {[%emt 0:01:51]} 23. Ne4 {[%emt 0:00:10]} c5 {[%emt 0:00:17]} 24. Rhd1 {[%emt 0:00:43]} g5 {[%emt 0:01:29]} 25. g3 {[%emt 0:04:27]} Nd5 {[%emt 0:01:07]} 26. Nxg5 {[%emt 0:00:51]} Re3 {[%emt 0:00:12]} 27. f4 {[%emt 0:00:59]} Nxf4 {[%emt 0:00:36]} 28. gxf4 {[%emt 0:00:29]} Rxf4+ {[%emt 0:00:05]} 29. Kg1 {[%emt 0:00:48]} Rg4+ {[%emt 0:00:04]} 30. Kf2 {[%emt 0:00:16]} Rxg5 {[%emt 0:00:04]} 31. Rg1 {[%emt 0:00:08]} Rxg1 {[%emt 0:00:10]} 32. Rxg1+ {[%emt 0:00:07]} Kf7 {[%emt 0:00:03]} 33. Rg4 {[%emt 0:00:51]} Rh3 {[%emt 0:00:21]} 34. Kg2 {[%emt 0:00:04]} Rd3 {[%emt 0:00:03]} 35. Rh4 {[%emt 0:00:23]} Rd2+ {[%emt 0:00:05]} 36. Kg3 {[%emt 0:00:03]} Kg6 {[%emt 0:00:08]} 0-1

[Event "Nordic-chT Scholastic 2019"]
[Site "Stockholm"]
[Date "2019.09.07"]
[Round "4.2"]
[White "Briem, Stephan"]
[Black "Salah Eldin, Youssef"]
[Result "1-0"]
[WhiteElo "2204"]
[BlackElo "2047"]
[Annotator "ChessBase"]
[PlyCount "39"]
[EventDate "2019.09.05"]
[EventType "team-tourn"]
[EventCountry "SWE"]
[SourceTitle "playchess.com"]
[Source "ChessBase"]
[SourceQuality "1"]
[TimeControl "5400+30"]

1. d4 {[%emt 0:00:00]} d5 {[%emt 0:00:00]} 2. c4 {[%emt 0:00:00]} Bf5 {[%emt 0:01:26]} 3. cxd5 {[%emt 0:00:17]} Qxd5 {[%emt 0:00:10]} 4. Nc3 {[%emt 0:00:06]} Qd8 {[%emt 0:01:00]} 5. e4 {[%emt 0:00:08]} Bg6 {[%emt 0:03:13]} 6. Nf3 {[%emt 0:00:16]} Nf6 {[%emt 0:00:21]} 7. Bc4 {[%emt 0:03:14]} Bh5 {[%emt 0:03:00]} 8. e5 {[%emt 0:01:51]} Ng8 {[%emt 0:00:53]} 9. e6 {[%emt 0:00:42]} fxe6 {[%emt 0:00:39]} 10. Bxe6 {[%emt 0:00:13]} Nf6 {[%emt 0:00:32]} 11. Ne5 {[%emt 0:00:48]} Qd6 {[%emt 0:03:56]} 12. Qb3 {[%emt 0:02:57]} Qxd4 {[%emt 0:05:33]} 13. Nf7 {[%emt 0:01:07]} Bxf7 {[%emt 0:01:04]} 14. Bxf7+ {[%emt 0:00:05]} Kd8 {[%emt 0:00:37]} 15. Be3 {[%emt 0:00:32]} Qe5 {[%emt 0:01:02]} 16. Qxb7 {[%emt 0:00:18]} Ng4 {[%emt 0:03:28]} 17. O-O-O+ {[%emt 0:00:05]} Qd6 {[%emt 0:01:01]} 18. Qxa8 {[%emt 0:00:07]} Kd7 {[%emt 0:00:58]} 19. Qxb8 {[%emt 0:00:09]} g6 {[%emt 0:01:19]} 20. Qe8# {[%emt 0:00:05]} 1-0

[Event "Nordic-chT Scholastic 2019"]
[Site "Stockholm"]
[Date "2019.09.07"]
[Round "4.5"]
[White "Bergan, Gaute"]
[Black "Skovgaard, Andreas"]
[Result "0-1"]
[WhiteElo "1862"]
[BlackElo "1976"]
[Annotator "NA"]
[PlyCount "76"]
[EventDate "2019.09.05"]
[EventType "team-tourn"]
[EventCountry "SWE"]
[SourceTitle "playchess.com"]
[Source "ChessBase"]
[SourceQuality "1"]
[TimeControl "5400+30"]

1. e4 {[%emt 0:00:00]} c5 {[%emt 0:00:00]} 2. c3 {[%emt 0:00:00]} d5 {[%emt 0:01:44]} 3. exd5 {[%emt 0:01:11]} Qxd5 {[%emt 0:01:26]} 4. d4 {[%emt 0:00:11]} Bf5 {[%emt 0:04:21]} 5. Nf3 {[%emt 0:02:48]} e6 {[%emt 0:05:13]} 6. Bb5+ {[%emt 0:22:22]} Nc6 {[%emt 0:00:59]} 7. O-O {[%emt 0:00:47]} cxd4 {[%emt 0:03:02]} 8. c4 {[%emt 0:01:09]} Qc5 {[%emt 0:01:20]} 9. Nxd4 {[%emt 0:02:06]} O-O-O {[%emt 0:02:12]} 10. Bxc6 {[%emt 0:10:21]} Rxd4 {[%emt 0:03:20]} 11. Bxb7+ {[%emt 0:04:34]} Kxb7 {[%emt 0:00:37]} 12. Qb3+ {[%emt 0:01:18]} Qb4 {[%emt 0:01:20]} 13. Qf3+ {[%emt 0:00:46]} Kb8 {[%emt 0:00:39]} 14. Be3 {[%emt 0:03:56]} Rxc4 {[%emt 0:02:02]} 15. Na3 {[%emt 0:04:44]} Re4 {[%emt 0:02:22]} 16. Rad1 {[%emt 0:13:56]} Be7 {[%emt 0:06:50]} 17. Rd3 {[%emt 0:07:38]} Qa5 {[%emt 0:18:02]} 18. Rb3+ {[%emt 0:00:32]} Ka8 {[%emt 0:00:43]} 19. Nc4 {[%emt 0:07:24]} Qd5 {[%emt 0:01:50]} 20. Rc1 {[%emt 0:02:21]} Nf6 {[%emt 0:03:39]} 21. Nb6+ {[%emt 0:09:25]} axb6 {[%emt 0:01:01]} 22. Rxb6 {[%emt 0:00:46]} Ra4 {[%emt 0:08:49]} 23. Qe2 {[%emt 0:02:04]} Bd3 {[%emt 0:03:57]} 24. Qd1 {[%emt 0:00:35]} Ra5 {[%emt 0:05:13]} 25. Rc3 {[%emt 0:01:03]} Rd8 {[%emt 0:01:46]} 26. Qc1 {[%emt 0:00:20]} Bc4 {[%emt 0:01:12]} 27. h3 {[%emt 0:00:36]} Qd1+ {[%emt 0:00:42]} 28. Qxd1 {[%emt 0:00:15]} Rxd1+ {[%emt 0:00:22]} 29. Kh2 {[%emt 0:00:03]} Nd5 {[%emt 0:02:13]} 30. Rxc4 {[%emt 0:00:47]} Nxb6 {[%emt 0:00:18]} 31. Bxb6 {[%emt 0:00:06]} Bd6+ {[%emt 0:00:29]} 32. g3 {[%emt 0:00:17]} Rxa2 {[%emt 0:00:10]} 33. b4 {[%emt 0:00:22]} Rb2 {[%emt 0:00:43]} 34. Be3 {[%emt 0:00:57]} Rxb4 {[%emt 0:00:21]} 35. Rc6 {[%emt 0:00:46]} Rb3 {[%emt 0:00:33]} 36. Ra6+ {[%emt 0:00:07]} Kb8 {[%emt 0:00:18]} 37. Rxd6 {[%emt 0:00:23]} Rxd6 {[%emt 0:00:09]} 38. Bf4 {[%emt 0:00:03]} Kc7 {[%emt 0:00:14]} 0-1

[Event "Nordic-chT Scholastic 2019"]
[Site "Stockholm"]
[Date "2019.09.07"]
[Round "4.6"]
[White "Skovgaard, Emil"]
[Black "Lazareva, Emilie"]
[Result "1-0"]
[WhiteElo "1729"]
[BlackElo "1319"]
[Annotator "NA"]
[PlyCount "69"]
[EventDate "2019.09.05"]
[EventType "team-tourn"]
[EventCountry "SWE"]
[SourceTitle "playchess.com"]
[Source "ChessBase"]
[SourceQuality "1"]
[TimeControl "5400+30"]

1. e4 {[%emt 0:00:00]} e5 {[%emt 0:00:00]} 2. Nf3 {[%emt 0:00:21]} Nc6 {[%emt 0:00:19]} 3. Bb5 {[%emt 0:00:20]} a6 {[%emt 0:01:04]} 4. Ba4 {[%emt 0:00:48]} Nf6 {[%emt 0:01:39]} 5. O-O {[%emt 0:01:34]} b5 {[%emt 0:01:15]} 6. Bb3 {[%emt 0:00:07]} Bc5 {[%emt 0:01:46]} 7. c3 {[%emt 0:07:03]} O-O 8. d4 {[%emt 0:03:12]} exd4 {[%emt 0:09:02]} 9. cxd4 {[%emt 0:00:05]} Bb6 {[%emt 0:00:29]} 10. e5 {[%emt 0:07:48]} Ne8 {[%emt 0:05:56]} 11. Bg5 {[%emt 0:12:44]} Ne7 {[%emt 0:00:27]} 12. Nc3 {[%emt 0:02:24]} c6 {[%emt 0:03:17]} 13. d5 {[%emt 0:04:24]} d6 {[%emt 0:04:14]} 14. dxc6 {[%emt 0:07:43]} Qc7 {[%emt 0:06:43]} 15. Bxe7 {[%emt 0:01:45]} Qxe7 {[%emt 0:01:16]} 16. Nd5 {[%emt 0:00:39]} Qd8 {[%emt 0:01:53]} 17. Nxb6 {[%emt 0:07:04]} Qxb6 {[%emt 0:01:25]} 18. exd6 {[%emt 0:00:33]} Be6 {[%emt 0:03:36]} 19. Bxe6 {[%emt 0:04:41]} fxe6 {[%emt 0:00:35]} 20. Rc1 {[%emt 0:01:26]} Qd8 {[%emt 0:03:10]} 21. c7 {[%emt 0:02:20]} Qd7 {[%emt 0:06:39]} 22. c8=Q {[%emt 0:01:10]} Rxc8 {[%emt 0:01:43]} 23. Rxc8 {[%emt 0:00:12]} Qxc8 {[%emt 0:00:53]} 24. d7 {[%emt 0:00:15]} Qd8 {[%emt 0:01:11]} 25. dxe8=Q {[%emt 0:00:35]} Qxe8 {[%emt 0:01:02]} 26. Re1 {[%emt 0:00:54]} Rf6 {[%emt 0:01:33]} 27. h3 {[%emt 0:06:52]} Qc6 {[%emt 0:02:37]} 28. Qe2 {[%emt 0:01:43]} Qd5 {[%emt 0:01:33]} 29. a3 {[%emt 0:00:50]} h6 {[%emt 0:01:17]} 30. Qe5 {[%emt 0:05:04]} Qd7 {[%emt 0:04:20]} 31. Nd4 {[%emt 0:01:49]} Kf7 {[%emt 0:01:55]} 32. Rc1 {[%emt 0:00:47]} Qe8 {[%emt 0:02:12]} 33. Rc7+ {[%emt 0:00:47]} Kg8 {[%emt 0:01:51]} 34. Nf5 {[%emt 0:03:44]} Rf7 {[%emt 0:06:32]} 35. Nd6 1-0

[Event "Nordic-chT Scholastic 2019"]
[Site "Stockholm"]
[Date "2019.09.07"]
[Round "4.7"]
[White "Nickelsen, Emil"]
[Black "Kraemmer, Kischichiro"]
[Result "0-1"]
[WhiteElo "1286"]
[BlackElo "1591"]
[Annotator "NA"]
[PlyCount "26"]
[EventDate "2019.09.05"]
[EventType "team-tourn"]
[EventCountry "SWE"]
[SourceTitle "playchess.com"]
[Source "ChessBase"]
[SourceQuality "1"]
[TimeControl "5400+30"]

1. e4 {[%emt 0:00:00]} e5 {[%emt 0:00:00]} 2. Nf3 {[%emt 0:00:00]} Nc6 {[%emt 0:00:00]} 3. d4 {[%emt 0:00:00]} exd4 {[%emt 0:00:00]} 4. Bc4 {[%emt 0:00:00]} Be7 {[%emt 0:01:46]} 5. Nxd4 {[%emt 0:00:09]} Nf6 {[%emt 0:02:44]} 6. Nc3 {[%emt 0:00:16]} Ne5 {[%emt 0:01:00]} 7. Bb3 {[%emt 0:00:47]} d6 {[%emt 0:00:24]} 8. Nf3 {[%emt 0:00:55]} Bg4 {[%emt 0:00:41]} 9. Be3 {[%emt 0:01:56]} Nfd7 {[%emt 0:06:17]} 10. h3 {[%emt 0:01:04]} Nxf3+ {[%emt 0:00:24]} 11. gxf3 {[%emt 0:00:11]} Bh5 {[%emt 0:00:07]} 12. Nd5 {[%emt 0:02:05]} Ne5 {[%emt 0:00:56]} 13. Qd2 {[%emt 0:04:21]} Nxf3+ 0-1